[Event "Viljandi Raud Memorial 48th"]
[Site "Viljandi"]
[Date "2014.06.30"]
[Round "1"]
[White "Tokar, Taniel"]
[Black "Seeman, Tarvo"]
[Result "0-1"]
[WhiteElo "1542"]
[BlackElo "2389"]
[PlyCount "92"]
[EventDate "2014.06.30"]
[EventType "swiss"]
[EventRounds "9"]
[EventCountry "EST"]
[SourceTitle "CBM 161 Extra"]
[Source "ChessBase"]
[SourceDate "2014.08.29"]
[SourceVersion "1"]
[SourceVersionDate "2014.08.29"]
[SourceQuality "1"]

1. d4 Nf6 2. c4 g6 3. Nc3 Bg7 4. Nf3 0-0 5. e3 d6 6. b3 Nbd7 7. Bb2 e5 8. Qc2 Re8 9. g3 exd4 10. Nxd4 Nc5 11. Bg2 a5 12. 0-0 c6 13. Rad1 Qe7 14. Rfe1 h5 15. h4 Qc7 16. Rd2 Qb6 17. Ba3 Bg4 18. Bf3 Bxf3 19. Nxf3 Nce4 20. Nxe4 Nxe4 21. Rd3 a4 22. Bxd6 axb3 23. Qxb3 Qxb3 24. axb3 Ra2 25. Bf4 Rxf2 26. Ng5 Nc5 27. Rdd1 Rb2 28. Rf1 f6 29. Nf3 Rxb3 30. Rb1 Rd8 31. Nd4 Rxb1 32. Rxb1 Rd7 33. Bb8 Kf7 34. Nb3 Bh6 35. Bf4 Bxf4 36. exf4 Nxb3 37. Rxb3 Ke6 38. Kf2 Kf5 39. Kf3 Rd4 40. Rc3 b6 41. Ke3 Re4+ 42. Kf3 Re1 43. Kf2 Rb1 44. Kf3 Rb4 45. Ke3 Kg4 46. Kd4 b5 0-1

[Event "Tallinn op"]
[Site "Tallinn"]
[Date "2014.02.23"]
[Round "4"]
[White "Tokar, Taniel"]
[Black "Pedoson, Georg Aleksander"]
[Result "0-1"]
[WhiteElo "1549"]
[BlackElo "1649"]
[PlyCount "66"]
[EventDate "2014.02.21"]
[EventType "swiss"]
[EventRounds "7"]
[EventCountry "EST"]
[SourceTitle "CBM 159 Extra"]
[Source "ChessBase"]
[SourceDate "2014.04.24"]
[SourceVersion "1"]
[SourceVersionDate "2014.04.24"]
[SourceQuality "1"]

1. e4 e5 2. Nf3 Nc6 3. Bc4 Bc5 4. d3 h6 5. Nc3 Nf6 6. 0-0 d6 7. h3 0-0 8. Be3 Bb6 9. a3 Be6 10. Nd5 Bxd5 11. Bxd5 Nxd5 12. exd5 Ne7 13. c4 f5 14. Bxb6 axb6 15. Nh2 Ng6 16. Kh1 Nf4 17. Nf3 Qf6 18. Rb1 Rae8 19. Kh2 Kh7 20. g3 Ng6 21. Nd2 e4 22. dxe4 fxe4 23. Qg4 Qd4 24. Qe2 Ne5 25. Qe3 Qxd2 26. Qxe4+ Kh8 27. Qg2 Nf3+ 28. Kh1 Qd4 29. b3 Re2 30. a4 Nd2 31. Rbd1 Rfxf2 32. Rxf2 Rxf2 33. Qg1 Qe4+ 0-1